| 000 | 00804nam a2200253 a 4500 | ||
|---|---|---|---|
| 001 | 62535 | ||
| 003 | BD-RjUL | ||
| 005 | 20211209081109.0 | ||
| 008 | 170124s1961 enk b 001 0 eng d | ||
| 035 | _a(BD-RjUL)62661 | ||
| 040 |
_aVMC _cVMC _dBD-RjUL _beng |
||
| 041 | _aeng | ||
| 082 |
_223 _a340.54 _bLEL 1961 |
||
| 090 |
_aK439 _b.L4 1961 |
||
| 100 | 1 |
_aLeage, R. W. _q(Richard William), _d1869- _9185913 |
|
| 245 | 1 | 0 |
_aLeage's Roman private law : _bfounded on the Institutes of Gaius and Justinian / _cR. W. Leage and A.M. Prichard. |
| 250 | _a3rd ed. | ||
| 260 |
_aLondon : _bSt. Martin's Press, _c1961. |
||
| 300 |
_axxv, 502 p. ; _c22 cm. |
||
| 504 | _aIncludes bibliography and index. | ||
| 650 | 0 |
_aRoman law. _9177111 |
|
| 700 | 1 |
_aPrichard, A. M. _q(Alan Martin) _9185914 |
|
| 942 |
_2ddc _cBK |
||
| 999 |
_c62535 _d62535 |
||